Professional Services : (Record no. 195300)

MARC details
000 -LEADER
fixed length control field 00628nam a22002057a 4500
005 - DATE AND TIME OF LATEST TRANSACTION
control field 20230316153752.0
010 ## - LCCN (DPL NO)
LC control number ENG-136444
020 ## - INTERNATIONAL STANDARD BOOK NUMBER
Terms of availability 595.00
International Standard Book Number 9789381113349
035 ## - SYSTEM CONTROL NUMBER
System control number EN-119976
037 ## - SOURCE OF ACQUISITION
Source of stock number/acquisition DBAD/PUB
082 ## - DEWEY DECIMAL CLASSIFICATION NUMBER
Classification number 342.540684
100 ## - MAIN ENTRY--PERSONAL NAME
Personal name Ramappa, T
245 ## - TITLE STATEMENT
Title Professional Services :
Statement of responsibility, etc By T Ramappa
Remainder of title Rights And Duties /
250 ## - EDITION STATEMENT
Edition statement First
260 ## - PUBLICATION, DISTRIBUTION, ETC. (IMPRINT)
Name of publisher, distributor, etc Asia Law House
Place of publication, distribution, etc Hyderabad
Date of publication, distribution, etc 2023
270 ## - ADDRESS
Address Opposite High Court Hyderabad 2
City Hyderabad
Telephone number 24526212
Electronic mail address asialaw@sify.com
300 ## - PHYSICAL DESCRIPTION
Extent xiviii584p.
Dimensions 23cm(pbk)
700 ## - ADDED ENTRY--PERSONAL NAME
Personal name Raghuram, G
Relator term Foreword
942 ## - ADDED ENTRY ELEMENTS (KOHA)
Source of classification or shelving scheme Dewey Decimal Classification
Item type English Books
Classification part 342.540684
Call number suffix RAM
Holdings
Withdrawn status Lost status Not for loan Collection code Home library Current library Date acquired Source of acquisition Cost, normal purchase price Full call number Barcode Copy number Koha item type
      Non-fiction Katevara Katevara 16/03/2023 DBAD/PUB 595.00 342.540684 RAM EN-119976 1 English Books

© Delhi Public Library
Hit Counter
free hit counter